Movies Quiz

Random Movies or Actor Quiz

'The' Title Role Actors II Quiz Stats

Quiz Updated Sep 19, 2014

Challenge
Share
Tweet
Embed
Score 0/30 Timer 05:00
3 Plays Today
'The' Role Actor % Correct
The AviatorLeonardo DiCaprio
88.5%
The Wedding SingerAdam Sandler
86.4%
The Cable GuyJim Carrey
84.4%
The Scorpion KingDwayne Johnson
74.7%
The Love GuruMike Myers
67.4%
The Deer HunterRobert De Niro
65.6%
The MachinistChristian Bale
60.3%
The Amazing Spider-ManAndrew Garfield
59.6%
The NaturalRobert Redford
59.5%
The AmericanGeorge Clooney
57.1%
The TouristJohnny Depp
55.5%
The PostmanKevin Costner
55.3%
The American PresidentMichael Douglas
54.8%
The Family ManNicolas Cage
50.6%
The Girl with the Dragon TattooRooney Mara/Noomi Rapace
49.4%
'The' Role Actor % Correct
The IllusionistEdward Norton
48.6%
The RookieDennis Quaid/Charlie Sheen
45.5%
The AnimalRob Schneider
41.2%
The MasterPhilip Seymour Hoffman
39.2%
The Bounty HunterGerard Butler
37.8%
The Master of DisguiseDana Carvey
35%
The InsiderRussell Crowe
34.9%
The InterpreterNicole Kidman
34.5%
The WolfmanLon Chaney/Benicio del Toro
32.7%
The Time Traveler's WifeRachel McAdams
31.6%
The LoraxDanny Devito
31.5%
The Shaggy DogTommy Kirk/Tim Allen
28.6%
The SoloistJamie Foxx
26.8%
The Pride of the YankeesGary Cooper
26%
The Third ManOrson Welles
21.2%

You're not logged in!

Compare scores with friends on all Sporcle quizzes.
Join for Free
OR
Log In

You Might Also Like...

Show Comments

Extras

Top Quizzes Today


Score Distribution

Your Account Isn't Verified!

In order to create a playlist on Sporcle, you need to verify the email address you used during registration. Go to your Sporcle Settings to finish the process.

Report this User

Report this user for behavior that violates our Community Guidelines.

Details: